CYBRE LAW (Record no. 10320)

MARC details
000 -LEADER
fixed length control field 00306nam a22001457a 4500
003 - CONTROL NUMBER IDENTIFIER
control field SGT
020 ## - INTERNATIONAL STANDARD BOOK NUMBER
International Standard Book Number 9788180387395
082 ## - DEWEY DECIMAL CLASSIFICATION NUMBER
Classification number 343.099 9,VIS
100 ## - MAIN ENTRY--PERSONAL NAME
Personal name VISWANATHAN, APARNA
245 ## - TITLE STATEMENT
Title CYBRE LAW
260 ## - PUBLICATION, DISTRIBUTION, ETC. (IMPRINT)
Place of publication, distribution, etc GURGAON
Name of publisher, distributor, etc LEXIS NEXIS
Year of Publication 2015
300 ## - PAGE DESCRIPTION
No. of Pages 525
650 ## - SUBJECT ADDED ENTRY--TOPICAL TERM
Topical term or geographic name as entry element CYBRE LAW
942 ## - ADDED ENTRY ELEMENTS (KOHA)
Source of classification or shelving scheme Dewey Decimal Classification
Koha item type Books
Holdings
Withdrawn status Lost status Source of classification or shelving scheme Damaged status Not for loan Collection code Home library Current library Shelving location Date acquired Vendor Name Cost, normal purchase price SGTU Bill Number Full call number Accession No. (Barcode) Date last seen Bill Date Koha item type Total Checkouts Date last borrowed
    Dewey Decimal Classification   Not For Loan LAW SGT Science & Social Sciences Library SGT Science & Social Sciences Library Reference Book 29/12/2016 SETH AND COMPANY 795.00 SGTU 3340 343.099 9,VIS FL1571 29/12/2016 23/12/2016 Books    
    Dewey Decimal Classification     LAW SGT Science & Social Sciences Library SGT Science & Social Sciences Library Text Book 29/12/2016 SETH AND COMPANY 795.00 SGTU 3340 343.099 9,VIS FL1572 09/02/2018 23/12/2016 Books 1 24/01/2018